<?xml version='1.0' encoding='UTF-8'?>
  <record xmlns="http://www.loc.gov/MARC21/slim">
    <leader>00000cam a2200000 i 4500</leader>
    <controlfield tag="001">ocm63863414</controlfield>
    <controlfield tag="003">OCoLC</controlfield>
    <controlfield tag="005">20231120185524.7</controlfield>
    <controlfield tag="008">930601s1915    io af         000 0 dut d</controlfield>
    <datafield tag="040" ind1=" " ind2=" ">
      <subfield code="a">COO</subfield>
      <subfield code="b">eng</subfield>
      <subfield code="c">COO</subfield>
      <subfield code="d">OCLCF</subfield>
      <subfield code="d">OCLCO</subfield>
      <subfield code="d">OCLCQ</subfield>
      <subfield code="d">AGL</subfield>
      <subfield code="d">OCLCO</subfield>
      <subfield code="d">OCLCQ</subfield>
    </datafield>
    <datafield tag="029" ind1="1" ind2=" ">
      <subfield code="a">NLGGC</subfield>
      <subfield code="b">06389551X</subfield>
    </datafield>
    <datafield tag="035" ind1=" " ind2=" ">
      <subfield code="a">(OCoLC)63863414</subfield>
    </datafield>
    <datafield tag="041" ind1="0" ind2=" ">
      <subfield code="a">dut</subfield>
      <subfield code="a">jav</subfield>
    </datafield>
    <datafield tag="070" ind1="0" ind2=" ">
      <subfield code="a">42</subfield>
      <subfield code="b">M45</subfield>
    </datafield>
    <datafield tag="100" ind1="1" ind2=" ">
      <subfield code="a">Mayer, L. Th.</subfield>
      <subfield code="q">(Leendert Theodorus),</subfield>
      <subfield code="d">1851-</subfield>
    </datafield>
    <datafield tag="245" ind1="1" ind2="3">
      <subfield code="a">De haarwervels op het lichaam van het paard, als kenteekenen van zijne goede en slechte eigenschappen /</subfield>
      <subfield code="c">door L. Th. Meyer [sic] ; Naar Javaansche gegevens bewerkt en met teekeningen verduidelijkt.</subfield>
    </datafield>
    <datafield tag="260" ind1=" " ind2=" ">
      <subfield code="a">Batavia :</subfield>
      <subfield code="b">G. Kolff,</subfield>
      <subfield code="c">1915.</subfield>
    </datafield>
    <datafield tag="300" ind1=" " ind2=" ">
      <subfield code="a">101 pages, vii folded plates :</subfield>
      <subfield code="b">illustrations (some color) ;</subfield>
      <subfield code="c">24 cm</subfield>
    </datafield>
    <datafield tag="336" ind1=" " ind2=" ">
      <subfield code="a">text</subfield>
      <subfield code="b">txt</subfield>
      <subfield code="2">rdacontent</subfield>
    </datafield>
    <datafield tag="337" ind1=" " ind2=" ">
      <subfield code="a">unmediated</subfield>
      <subfield code="b">n</subfield>
      <subfield code="2">rdamedia</subfield>
    </datafield>
    <datafield tag="338" ind1=" " ind2=" ">
      <subfield code="a">volume</subfield>
      <subfield code="b">nc</subfield>
      <subfield code="2">rdacarrier</subfield>
    </datafield>
    <datafield tag="546" ind1=" " ind2=" ">
      <subfield code="a">Dutch and Javanese.</subfield>
    </datafield>
    <datafield tag="500" ind1=" " ind2=" ">
      <subfield code="a">Dari hal oeser-oeseran ja itoe tandatanda koelintjiran di badan koeda, jang menjataken tabiat atau adatnja, jang baik dan jang boesoek. Dengen mempergoenaken beberapa katoeranggan djawa (p. [53]-101) has separate t.p.</subfield>
    </datafield>
    <datafield tag="650" ind1=" " ind2="0">
      <subfield code="a">Hair.</subfield>
    </datafield>
    <datafield tag="650" ind1=" " ind2="0">
      <subfield code="a">Horses.</subfield>
    </datafield>
    <datafield tag="650" ind1=" " ind2="6">
      <subfield code="a">Chevaux.</subfield>
    </datafield>
    <datafield tag="650" ind1=" " ind2="7">
      <subfield code="a">Hair.</subfield>
      <subfield code="2">fast</subfield>
      <subfield code="0">(OCoLC)fst00950358</subfield>
    </datafield>
    <datafield tag="650" ind1=" " ind2="7">
      <subfield code="a">Horses.</subfield>
      <subfield code="2">fast</subfield>
      <subfield code="0">(OCoLC)fst00960603</subfield>
    </datafield>
    <datafield tag="740" ind1="0" ind2=" ">
      <subfield code="a">Dari hal oeser-oeseran ja itoe tandatanda koelintjiran di badan koeda.</subfield>
    </datafield>
    <datafield tag="776" ind1="0" ind2="8">
      <subfield code="i">Online version:</subfield>
      <subfield code="a">Mayer, L. Th. (Leendert Theodorus), 1851-</subfield>
      <subfield code="t">Haarwervels op het lichaam van het paard, als kenteekenen van zijne goede en slechte eigenschappen.</subfield>
      <subfield code="d">Batavia : G. Kolff, 1915</subfield>
      <subfield code="w">(OCoLC)883350272</subfield>
    </datafield>
  </record>